| 000 | 01741 a2200253 4500 | ||
|---|---|---|---|
| 001 | 29087 | ||
| 005 | 20260407155600.0 | ||
| 008 | 260407a1965 arg spa d | ||
| 003 | AR-UNSa-BCEJYS | ||
| 040 |
_aAR-UNSa-BCEJYS _bspa _cAR-UNSa-BCEJYS |
||
| 080 |
_a657 _xContabilidad |
||
| 245 | 1 | 0 | _aAuditoria |
| 264 | 1 |
_aMéxico : _bUnión Tipográfica Editorial Hispano-Americana (UTEHA) _c1965 |
|
| 300 |
_a2 v. _c23 cm. |
||
| 505 | _aVol. XII: Principio y procedimiento 1. Concepto moderno de la auditoría - 2. Informes. Organización del Personal - 3. Etica profesional y responsabilidad legal - 4. Auditoria interna. Control interno. Fraude - 5. Principio de la auditoría - 6. Programas de auditoria y papeles de trabajo de auditoria - 7. Examen de documentos originales - 8. Fondos de caja chica - 9. Efectivo: en caja y Banco; ingresos y egresos - 10. Cuentas por cobrar y perdidas en los creditos - 11. Documentos y aceptaciones por cobrar e ingresos correspondientes - 12. Inventarios y costos de ventas - 13. Inversiones y sus ingresos - 14. Gastos pagados por anticipado, cargos diferidos y aplicación de gastos - 15. Activo fijo tangible y gastos relacionados - 16. Activo intangible - 17. Pasivo circulante - 18. Pasivo a largo plazo - 19. Propiedad - 20. Examen de ingresos y gastos - 21. Conclusión de la auditoria - 22. Preparación de los estados financieros - 23. Informes de auditoria - 24. Servicio consultivo en administración. -- Vol. XIII: Prácticas de auditoría | ||
| 041 | _aspa | ||
| 942 | _cBK | ||
| 590 | _aniveau_biblio:m niveau_hierar:0 | ||
| 100 | 1 | _aHolmes, Arthur W. | |
| 700 | 1 | _aContro Malo, Francisco | |
| 700 | 1 | _aPoulat, Julio R. | |
| 700 | 1 | _aDel Castillo, I.G. | |
| 700 | 1 | _aCivera, Marin | |
| 999 |
_c1798 _d1798 |
||